Psychologie cognitive de la lecture

Enregistré dans:
Détails bibliographiques
Auteurs principaux: Fayol, Michel (Auteur), Gombert, Jean Emile (Auteur), Lecocq, Pierre (Auteur), Sprenger-Charolles, Liliane (Auteur), Zagar, Daniel (Auteur)
Format: Livre
Langue:français
Publié: París Presses Universitaires de France 1992
Collection:Psychologie D'Aujourd'Hui
Sujets:
Tags: Ajouter un tag
Pas de tags, Soyez le premier à ajouter un tag!

MARC

LEADER 00000nam a2200000 a 4500
001 UCO5614
003 CL-VaPUC
008 000908e19920000FR |||||||||||||||||fre|d
082 0 4 |a 372.41  |b FAY  |2 21 
100 0 |a Fayol, Michel  |e author  |9 450305 
700 |a Gombert, Jean Emile  |e author  |9 450306 
700 0 |a Lecocq, Pierre  |e author  |9 450307 
700 0 |a Sprenger-Charolles, Liliane  |e author  |9 450308 
700 0 |a Zagar, Daniel  |e author  |9 450309 
245 1 0 |a Psychologie cognitive de la lecture 
300 |a 288 p 
942 |c BK 
945 |d 20000908 00:00:00  |a rbrito 
260 |a París  |b Presses Universitaires de France  |c 1992 
650 0 |a Enseñanza de la lectura  |9 308364 
650 0 |a Psicología del aprendizaje  |9 306854 
650 0 |a Lectura  |9 307634 
650 0 |a Comprensión   |9 339377 
650 0 |a Dislexia  |9 307487 
650 0 |a Trastornos del aprendizaje  |9 307969 
583 |a last modification  |c 20000908 00:00:00  |k Rodrigo Vera 
490 0 |a Psychologie D'Aujourd'Hui 
999 |c 291464  |d 291462 
952 |0 0  |1 0  |4 0  |6 372_410000000000000_FAY_1992  |7 0  |8 A  |9 341313  |a FDOPOS  |b FDOPOS  |d 2019-11-20  |i 3642399  |o 372.41 FAY 1992  |p 3642399  |r 2025-01-22  |w 2019-11-20  |y BK  |k MLA